000 00330 a2200157 4500
001 61266
020 _a9783190173389
040 _cAnchieta - Pituba
100 _aSpäth, Christine
240 1 0 _aUnd jetzt íhr!
_lpor
245 1 0 _aUnd jetzt íhr!
300 _a24
362 0 _a2013
650 4 _aLíngua alemã
942 _cBK
999 _c61266
_d61266